UBT Library

COWGIRL POWER (Record no. 60695)

000 -LEADER
fixed length control field 00327nam a22001457a 4500
008 - FIXED-LENGTH DATA ELEMENTS--GENERAL INFORMATION
fixed length control field 250423b ||||| |||| 00| 0 eng d
020 ## - INTERNATIONAL STANDARD BOOK NUMBER
International Standard Book Number 9781478948223
041 ## - LANGUAGE CODE
Language code of text/sound track or separate title eng
080 ## - UNIVERSAL DECIMAL CLASSIFICATION NUMBER
Edition identifier 2018
Universal Decimal Classification number 33GAD
082 ## - DEWEY DECIMAL CLASSIFICATION NUMBER
Edition number 33GAD
Classification number 33GAD
100 ## - Rafti
Rafti 22
101 ## - Shkurtesa
Shkurtesa MATEMATIK
245 ## - TITLE STATEMENT
Title COWGIRL POWER
Statement of responsibility, etc GAY GADDIS
942 ## - ADDED ENTRY ELEMENTS (KOHA)
Source of classification or shelving scheme
Item type Books
Holdings
Withdrawn status Lost status Source of classification or shelving scheme Damaged status Not for loan Collection code Permanent location Current location Date acquired Total Checkouts Full call number Barcode Date last seen Price effective from Koha item type
          Koleksioni i përgjithshem UBT - Lipjan UBT - Lipjan 04/23/2025   33GAD 002-800070999587 04/23/2025 04/23/2025 Books
UBT Library © 2015-2024. All rights reserved University Education for Business and Technology